000 01265cam a2200361 i 4500
001 4018500
003 EG-ScBUE
005 20260124104624.0
008 971107s1998 enka frb 101 0 eng d
020 _a0471977713 (hbk.)
020 _a9780471977711
040 _aDLC
_beng
_erda
_cDLC
_dDLC
_dEG-ScBUE
082 0 4 _a572.865
_222
_bEPI
111 2 _aSymposium on Epigenetics
_d(1997 :
_cNovartis Foundation)
_939539
245 1 0 _aEpigenetics /
_c[edited by Derek J. Chadwick and Gail Cardew]
264 1 _aChichester :
_bJohn Wiley & Sons,
_c1998
300 _aix, 305 pages :
_billustrations ;
_c24 cm
336 _2rdacontent
_atext
_btxt
337 _aunmediated
_2rdamedia
_bn
338 _avolume
_bnc
_2rdacarrier
490 0 _aNovartis Foundation symposium ;
_v214
500 _aSymposium on Epigenetics, held at the Novartis Foundation on 24-26 June 1997.
504 _aIncludes bibliographical references and index.
650 7 _aGenetic regulation
_vCongresses.
_2BUEsh
650 7 _aEpigenesis
_vCongresses.
_2BUEsh
650 7 _aDNA
_xMethylation
_vCongresses.
_2BUEsh
651 _2BUEsh
653 _bPPhrm
_cMarch2016
655 _vReading book
700 1 _aChadwick, Derek,
_eeditor.
700 1 _aCardew, Gail,
_eeditor.
942 _2ddc
_cBB
999 _c21394
_d21366